000 00605nam a2200241Ia 4500
003 OSt
005 20220924121326.0
006 a|||||r|||| 00| 0
007 ta
008 220923b |||||||| |||| 00| 0 tel d
024 _a341907
037 _cTextual
040 _aARTS
_cARTS
_btel
041 _2tel
_atel
082 _aQ, 35M0
100 _aMalayala Swami Au.
_9185304
245 0 _aDharma Setuvu
260 _aHyderabad
_bIndia
_c1993
300 _a585p.
_ccm.
650 _aRELIGION
942 _hQ, 35M0
_cTEXL
_2CC
999 _c406941
_d406941